000 00938nam a22003377a 4500
001 BR0805124
003 BR-BrBNA
005 20230928102657.0
007 ta
008 230509b bl.||||| |||| 00| 0 por d
040 _aBR-BrBNA
_bpor
_cBiblioteca Nacional de Agricultura
041 _a(Por)
072 _aC20; F01
090 _ C20 BR0805124
100 1 _aSouza, E.G. de
245 1 _aCurso para agricultores familiares do município de Cláudia-MT; apostila; preparo de mudas, viveiros, solos, plantio, manejo fitossanitário e colheita
260 3 _aCuiabá, MT (Brasil):
_c2007.
300 _a45 p.
500 _a9 illus.
650 _aAGRICULTURA FAMILIAR
650 _aCURSO
650 _aMUDA
650 _aVIVEIRO
650 _aPLANTIO
650 _aPRÁTICA CULTURAL
650 _aMANEJO DO SOLO
650 _aCOLHEITA
650 _aMATO GROSSO
909 _a202309
_bLucia
_c55
_dLucia Elande
942 _cBK
999 _c71994
_d71994